Fertilizantes de liberación lenta : tipos, evaluación y aplicaciones /

Guardado en:
Autor Principal: Jiménez Gómez, Segundo.
Formato: Libro
Idioma:Spanish
Publicado: Madrid : Mundi-Prensa, 1992.
Series:Agroguías Mundi-Prensa
Etiquetas: Agregar Etiqueta
Sin Etiquetas, Sea el primero en etiquetar este registro!
LEADER 00599nam a22001695a 4500
001 EEA.libagro006039
005 20161007083540.0
008 130809s1992####sp############000#0#spa#d
020 |a 8471143887 
082 0 4 |a 631.8 
100 1 |a Jiménez Gómez, Segundo. 
245 0 0 |a Fertilizantes de liberación lenta :  |b tipos, evaluación y aplicaciones /  |c Segundo Jiménez Gómez. 
260 |a Madrid :  |b Mundi-Prensa,  |c 1992. 
300 |a 146 p. ;  |c 19 cm. 
490 1 |a Agroguías Mundi-Prensa 
859 |a AR-BbBCA  |b BIB. AGRONOMIA  |h 631.8  |i J61  |p 1998/3398 
859 |a AR-BbBCA  |b BIB. AGRONOMIA  |h 631.8  |i J61  |p 1999/3676  |t Ej.2